[Event "Karpov-Sveshnikov Rapid m"]
[Site "Riga LAT"]
[Date "2015.07.07"]
[Round "1"]
[White "Karpov, Anatoly"]
[Black "Sveshnikov, Evgeny"]
[Result "1/2-1/2"]
[WhiteTitle "GM"]
[BlackTitle "GM"]
[WhiteElo "2628"]
[BlackElo "2508"]
[WhiteFideId "4100026"]
[BlackFideId "4100638"]
[EventDate "2015.07.07"]

1. d4 d5 2. c4 e6 3. Nf3 Nf6 4. e3 c5 5. Nc3 Nc6 6. cxd5 Nxd5 7. Bb5 cxd4 8.
Nxd4 Nxc3 9. bxc3 Bd7 10. O-O Nxd4 11. Bxd7+ Qxd7 12. cxd4 Be7 13. a4 O-O 14.
Qb3 Rfc8 15. Bd2 Rc6 16. Rab1 Rb6 17. Qa2 Ra6 18. a5 Bd8 19. Qb3 Bxa5 20. Bxa5
Rxa5 21. Qxb7 Qxb7 22. Rxb7 Rc8 23. Rfb1 g6 24. h3 Rc2 25. R1b2 Rxb2 26. Rxb2
Ra1+ 27. Kh2 h5 28. g4 hxg4 29. hxg4 a5 30. g5 a4 31. Rb8+ Kg7 32. Ra8 a3 33.
Kg3 Rg1+ 34. Kf4 Rg2 35. f3 a2 36. e4 Kh7 37. Ke5 Kg7 38. f4 Rb2 39. d5 exd5 40.
exd5 Re2+ 41. Kd6 Rd2 42. Kc6 Rc2+ 43. Kd7 Rd2 44. d6 Rc2 45. Ke7 Re2+ 46. Kd8
Rd2 1/2-1/2

[Event "Karpov-Sveshnikov Rapid m"]
[Site "Riga LAT"]
[Date "2015.07.09"]
[Round "6"]
[White "Sveshnikov, Evgeny"]
[Black "Karpov, Anatoly"]
[Result "1/2-1/2"]
[WhiteTitle "GM"]
[BlackTitle "GM"]
[WhiteElo "2508"]
[BlackElo "2628"]
[WhiteFideId "4100638"]
[BlackFideId "4100026"]
[EventDate "2015.07.07"]

1. e4 c5 2. Nf3 e6 3. b3 d5 4. exd5 exd5 5. Bb5+ Bd7 6. Qe2+ Qe7 7. Nc3 Nf6 8.
d4 a6 9. Bxd7+ Nbxd7 10. Be3 cxd4 11. Bxd4 Qxe2+ 12. Nxe2 Ba3 13. O-O O-O 14.
Rfd1 Rfe8 15. Kf1 Rac8 16. c3 Ne4 17. Rab1 Bd6 18. Nd2 Be5 19. Nxe4 dxe4 20. c4
f5 21. Rd2 Nf6 22. Rbd1 b5 23. cxb5 axb5 24. a4 bxa4 25. bxa4 Bxd4 26. Rxd4 Ra8
27. h3 Kf7 28. Nf4 g6 29. Rb4 Re7 30. Nd5 Rd7 31. Nc3 Rxd1+ 32. Nxd1 Nd5 33.
Rb7+ Ke6 34. Ne3 Nxe3+ 35. fxe3 h5 36. Rb6+ Kf7 37. Rb4 h4 38. Ke2 Kf6 39. Kd2
Rd8+ 40. Ke2 Ra8 41. Kd2 Rd8+ 42. Ke2 Rd3 43. Rb6+ Kg5 44. a5 Ra3 45. a6 Ra2+
46. Kf1 Ra5 47. Kf2 Kh5 48. Rf6 Ra3 49. Ke2 Ra2+ 50. Kf1 Ra5 51. Ke2 Ra3 52. Kf2
Kg5 53. Rb6 Ra2+ 54. Kf1 Ra5 55. Re6 1/2-1/2